[Event "Eindhoven WLC op 10th"]
[Site "Eindhoven"]
[Date "2019.05.24"]
[Round "1"]
[White "Baselmans, Luuk"]
[Black "Jansen, Ingeborg"]
[Result "1/2-1/2"]
[WhiteElo "2270"]
[BlackElo "1905"]
[PlyCount "99"]
[EventDate "2019.05.24"]
[EventType "swiss"]
[EventRounds "6"]
[EventCountry "NED"]
[SourceTitle "CBM 190 Extra"]
[Source "ChessBase"]
[SourceDate "2019.07.15"]
[SourceVersion "1"]
[SourceVersionDate "2019.07.15"]
[SourceQuality "1"]

1. e4 e5 2. Nf3 Nc6 3. d4 exd4 4. Bc4 Bc5 5. c3 Nf6 6. e5 d5 7. Bb5 Ne4 8. cxd4 Bb6 9. Nc3 0-0 10. Be3 Bg4 11. h3 Bh5 12. Qc2 Bg6 13. Qb3 Ne7 14. 0-0 c6 15. Bd3 Nxc3 16. Qxc3 Bxd3 17. Qxd3 Qd7 18. Rfe1 Qf5 19. Qb3 Rab8 20. a4 Ba5 21. Re2 Ng6 22. Qa3 Rbe8 23. Qc5 Qd3 24. Qc2 Qxc2 25. Rxc2 f6 26. exf6 Rxf6 27. Bd2 Bxd2 28. Rxd2 h6 29. b4 Re4 30. Re1 Rfe6 31. Kf1 Kf7 32. g3 Rxe1+ 33. Nxe1 Nf8 34. Nd3 Nd7 35. a5 b6 36. f3 g5 37. Kf2 Ke7 38. Rc2 Kd6 39. h4 Re8 40. Rc1 g4 41. axb6 axb6 42. Re1 Rxe1 43. Kxe1 gxf3 44. Kf2 c5 45. bxc5+ bxc5 46. dxc5+ Nxc5 47. Ne1 Ke5 48. Kxf3 h5 49. Ng2 Ne4 50. Nf4 1/2-1/2

[Event "Maastricht Limburg op-B 9th"]
[Site "Maastricht"]
[Date "2015.05.25"]
[Round "7"]
[White "Jansen, Ingeborg"]
[Black "Loose, Rob"]
[Result "1/2-1/2"]
[WhiteElo "1840"]
[BlackElo "1908"]
[PlyCount "31"]
[EventDate "2015.05.22"]
[EventType "swiss"]
[EventRounds "7"]
[EventCountry "NED"]
[SourceTitle "EXT 2016"]
[Source "ChessBase"]
[SourceDate "2015.10.08"]
[SourceVersion "1"]
[SourceVersionDate "2015.10.08"]
[SourceQuality "1"]

1. e4 Nf6 2. e5 Nd5 3. c4 Nb6 4. d4 d6 5. exd6 cxd6 6. Nc3 g6 7. a4 Bg7 8. Bf4 N6d7 9. Nf3 Nf6 10. Be2 Nc6 11. 0-0 0-0 12. Qd2 Bg4 13. Rfe1 Na5 14. Qd3 Bxf3 15. Qxf3 Nd7 16. Rad1 1/2-1/2

[Event "NED-ch sf U20"]
[Site "Hilversum"]
[Date "2008.02.24"]
[Round "1.3"]
[White "Dirksen, Marieke"]
[Black "Jansen, Ingeborg"]
[Result "1/2-1/2"]
[WhiteElo "1700"]
[BlackElo "1680"]
[PlyCount "99"]
[EventDate "2008.02.23"]
[EventType "k.o."]
[EventRounds "2"]
[EventCountry "NED"]
[SourceTitle "EXT 2010"]
[Source "ChessBase"]
[SourceDate "2010.11.25"]
[SourceVersion "1"]
[SourceVersionDate "2010.11.25"]
[SourceQuality "1"]

1. e4 e5 2. Nf3 Nc6 3. Bb5 g6 4. c3 Bg7 5. d4 exd4 6. cxd4 d5 7. e5 Nge7 8. 0-0 0-0 9. h3 a6 10. Be2 f6 11. Bf4 fxe5 12. Bxe5 Nxe5 13. Nxe5 Nf5 14. Bg4 c5 15. Bxf5 Bxf5 16. Nc3 cxd4 17. Qxd4 Bxh3 18. Rad1 Bxg2 19. Kxg2 Qg5+ 20. Qg4 Qxe5 21. Rxd5 Qf6 22. Rd7 Qc6+ 23. Kg1 Rf5 24. Rfd1 Rh5 25. Nd5 Bf6 26. Qf3 Rf5 27. Qe4 Rf8 28. Rxb7 Qc5 29. Ne3 Rg5+ 30. Kf1 Re5 31. Qd3 Bh4 32. Qb3+ Kh8 33. Rf7 Rxf7 34. Qxf7 Rf5 35. Rd8+ Bxd8 36. Nxf5 Qxf5 37. Qe8+ Kg7 38. Qxd8 Qb1+ 39. Kg2 Qxb2 40. Qe7+ Kh6 41. Qf8+ Qg7 42. Qf4+ g5 43. Qd6+ Qg6 44. Qh2+ Kg7 45. Qe5+ Qf6 46. Qc7+ Kg6 47. Qc2+ Kh5 48. Qxh7+ Qh6 49. Qf7+ Qg6 50. Qd5 1/2-1/2

[Event "NED-ch sf U20"]
[Site "Hilversum"]
[Date "2008.02.24"]
[Round "1.2"]
[White "Jansen, Ingeborg"]
[Black "Dirksen, Marieke"]
[Result "0-1"]
[WhiteElo "1680"]
[BlackElo "1700"]
[PlyCount "104"]
[EventDate "2008.02.23"]
[EventType "k.o."]
[EventRounds "2"]
[EventCountry "NED"]
[SourceTitle "EXT 2010"]
[Source "ChessBase"]
[SourceDate "2010.11.25"]
[SourceVersion "1"]
[SourceVersionDate "2010.11.25"]
[SourceQuality "1"]

1. c4 Nf6 2. Nc3 g6 3. g3 Bg7 4. Bg2 e5 5. Nf3 d6 6. 0-0 0-0 7. d4 Nfd7 8. Bg5 f6 9. Bc1 c6 10. b3 Qe7 11. e4 Rd8 12. Ba3 Qe6 13. d5 cxd5 14. Qxd5 Nf8 15. Qxe6+ Nxe6 16. Rad1 Nc6 17. Bxd6 Bd7 18. Nd5 Kf7 19. Ba3 Rac8 20. Ne1 Ncd4 21. Rd2 b5 22. Ne7 Rb8 23. Nd5 Rbc8 24. Ne7 Ra8 25. Nd5 Rdc8 26. c5 Nxc5 27. Bxc5 Rxc5 28. f4 Ke8 29. Nd3 Rcc8 30. fxe5 fxe5 31. Nf6+ Bxf6 32. Rxf6 Rc6 33. Rxc6 Nxc6 34. Rc2 Ke7 35. Rc5 Kf6 36. Rxb5 Be6 37. Rb7 Rd8 38. Nf2 Rd2 39. a3 h5 40. Bh3 Rxf2 41. Bxe6 Ra2 42. Bd5 Nd4 43. h4 g5 44. hxg5+ Kxg5 45. Rxa7 Kg4 46. Rg7+ Kf3 47. Bc4 Kxe4 48. Rf7 Nf3+ 49. Kf1 Ke3 50. Rxf3+ Kxf3 51. Ke1 Kxg3 52. b4 Rxa3 0-1